Criminalidad juvenil (Record no. 142615)

MARC details
000 -LEADER
campo de control de longitud fija 00772nam a2200229 i 4500
001 - NÚMERO DE CONTROL
campo de control 142615
003 - IDENTIFICADOR DE NÚMERO DE CONTROL
campo de control ES-MaACL
005 - FECHA Y HORA DE LA ÚLTIMA TRANSACCIÓN
campo de control 20251011063138.0
007 - CAMPO FIJO DE DESCRIPCIÓN FÍSICA--INFORMACIÓN GENERAL
campo de control de longitud fija t|
008 - DATOS DE LONGITUD FIJA--INFORMACIÓN GENERAL
campo de control de longitud fija 071009s1974 sp |||| | spa d
080 ## - NÚMERO DE LA CLASIFICACIÓN DECIMAL UNIVERSAL
Número de la Clasificación Decimal Universal 343.915
100 1# - ENTRADA PRINCIPAL--NOMBRE DE PERSONA
Nombre de persona Viader, Antonio,
Fechas asociadas al nombre 1935-
9 (RLIN) 162134
245 10 - MENCIÓN DEL TÍTULO
Título Criminalidad juvenil
Resto del título : (infractores infanto-juveniles) /
Mención de responsabilidad, etc. Antonio Viader Vives ; supervisión, Juan Llop Sellares.
260 ## - PUBLICACIÓN, DISTRIBUCIÓN, ETC.
Lugar de publicación, distribución, etc. Madrid :
Nombre del editor, distribuidor, etc. Maisal,
Fecha de publicación, distribución, etc. [1974]
300 ## - DESCRIPCIÓN FÍSICA
Extensión 109 p. ;
Dimensiones 18 cm.
490 1# - MENCIÓN DE SERIE
Mención de serie Colección Maisal de divulgación jurídica
650 04 - PUNTO DE ACCESO ADICIONAL DE MATERIA--TÉRMINO DE MATERIA
Término de materia o nombre geográfico como elemento de entrada Delincuencia juvenil.
9 (RLIN) 135872
700 1# - ENTRADA AGREGADA--NOMBRE PERSONAL
Nombre de persona Llop Sellares, Juan.
9 (RLIN) 72819
830 0# - PUNTO DE ACCESO ADICIONAL DE SERIE-TÍTULO UNIFORME
Título uniforme Colección Maisal de divulgación jurídica
9 (RLIN) 187599
852 ## - LOCALIZACIÓN
Ubicación ES-MaACL
Número de control de estantería E-8513
Holdings
Estatus retirado Estado de pérdida Estado de daño No para préstamo Biblioteca de origen Biblioteca actual Ubicación en estantería Fecha de adquisición Fuente de adquisición Total de préstamos Signatura topográfica completa Código de barras Visto por última vez Precio de reemplazo Tipo de ítem Koha
        Biblioteca del Ateneo de Madrid Biblioteca del Ateneo de Madrid Depósito 2 17/01/2008     E-8513 1148391 23/02/2023 23/02/2023 Libro impreso